[Event "ARU-ch"]
[Site "Oranjestad"]
[Date "2018.04.13"]
[Round "6"]
[White "Stetsenko, Ilya"]
[Black "Diaz Maguina, Daniel Eugenio"]
[Result "1/2-1/2"]
[WhiteElo "1340"]
[BlackElo "1451"]
[PlyCount "81"]
[EventDate "2018.04.06"]
[EventType "tourn"]
[EventRounds "9"]
[EventCountry "ARN"]
[SourceTitle "EXT 2024"]
[Source "ChessBase"]
[SourceDate "2023.10.10"]
[SourceVersion "1"]
[SourceVersionDate "2023.10.10"]
[SourceQuality "1"]

1. d4 d5 2. Nf3 e6 3. Bf4 f5 4. e3 Nf6 5. Nbd2 c6 6. Ne5 Nbd7 7. Ndf3 Ne4 8. Nxd7 Bxd7 9. Ne5 Bb4+ 10. c3 Nxc3 11. Qh5+ g6 12. Nxg6 Ne4+ 13. Ke2 Nf6 14. Qh4 Rg8 15. Ne5 Be7 16. Bg5 Rxg5 17. Qxg5 Qb6 18. b3 0-0-0 19. Qg7 Re8 20. Kf3 Ne4 21. Bd3 Ng5+ 22. Ke2 Ne4 23. Rhc1 Qb4 24. Rc2 Nc3+ 25. Kf3 Ne4 26. Rac1 Kd8 27. Bxe4 fxe4+ 28. Ke2 Qb5+ 29. Kd2 Bb4+ 30. Rc3 Bxc3+ 31. Rxc3 Re7 32. Qf8+ Be8 33. a4 Qb4 34. Nf7+ Kd7 35. Ne5+ Kd8 36. Kc2 Qa3 37. Rc5 Qa2+ 38. Kc3 Qa1+ 39. Kc2 Qa2+ 40. Kc3 Qa1+ 41. Kc2 1/2-1/2

[Event "ARU-ch"]
[Site "Oranjestad"]
[Date "2018.04.07"]
[Round "2"]
[White "Diaz Maguina, Daniel Eugenio"]
[Black "Tromp, Hubert Randolf"]
[Result "0-1"]
[WhiteElo "1451"]
[BlackElo "1624"]
[PlyCount "72"]
[EventDate "2018.04.06"]
[EventType "tourn"]
[EventRounds "9"]
[EventCountry "ARN"]
[SourceTitle "EXT 2024"]
[Source "ChessBase"]
[SourceDate "2023.10.10"]
[SourceVersion "1"]
[SourceVersionDate "2023.10.10"]
[SourceQuality "1"]

1. e4 c5 2. Nf3 g6 3. d3 Bg7 4. Be2 Nc6 5. c3 d6 6. Be3 e5 7. Qd2 Nf6 8. h3 a6 9. Na3 b5 10. Nc2 Bb7 11. 0-0 0-0 12. Nh2 Qc7 13. f4 c4 14. Ne1 cxd3 15. Bxd3 exf4 16. Bxf4 Ne5 17. Bxe5 dxe5 18. Qe2 Rad8 19. Ng4 Nxg4 20. Qxg4 Bc8 21. Qe2 Qb6+ 22. Kh1 f5 23. exf5 gxf5 24. Bc2 e4 25. Bb3+ Be6 26. Bxe6+ Qxe6 27. Nc2 f4 28. Rad1 Rxd1 29. Qxd1 f3 30. Kg1 Qb6+ 31. Nd4 Bh6 32. Qe1 Qg6 33. g3 f2+ 34. Rxf2 Qxg3+ 35. Kf1 Qxh3+ 36. Kg1 Be3 0-1

[Event "Aruba op"]
[Site "Aruba"]
[Date "2017.10.08"]
[Round "7"]
[White "Diaz Maguina, Daniel Eugenio"]
[Black "Hodgson, Norman"]
[Result "1/2-1/2"]
[WhiteElo "1508"]
[BlackElo "1702"]
[PlyCount "55"]
[EventDate "2017.10.05"]
[EventType "swiss"]
[EventRounds "7"]
[EventCountry "ARN"]
[SourceTitle "CBM 181 Extra"]
[Source "ChessBase"]
[SourceDate "2017.12.12"]
[SourceVersion "1"]
[SourceVersionDate "2017.12.12"]
[SourceQuality "1"]

1. f4 d6 2. Nf3 g6 3. e4 Bg7 4. Nc3 Nf6 5. Bc4 0-0 6. a3 Nc6 7. 0-0 Bg4 8. d3 a6 9. Qe1 Bxf3 10. Rxf3 Nd4 11. Rf2 Ng4 12. Rd2 c6 13. Qg3 Nh6 14. Ba2 e6 15. Ne2 Nb5 16. c3 d5 17. Kh1 Qe7 18. a4 Nd6 19. Qf3 Rfd8 20. Ng3 b5 21. e5 Ndf5 22. axb5 axb5 23. b4 Nh4 24. Qe2 N6f5 25. Nxf5 Nxf5 26. d4 Qh4 27. Qf2 Qe7 28. Rc2 1/2-1/2

[Event "Aruba op"]
[Site "Aruba"]
[Date "2017.10.06"]
[Round "2"]
[White "Tjon A Hung, Edwin"]
[Black "Diaz Maguina, Daniel Eugenio"]
[Result "1-0"]
[WhiteElo "1754"]
[BlackElo "1508"]
[PlyCount "69"]
[EventDate "2017.10.05"]
[EventType "swiss"]
[EventRounds "7"]
[EventCountry "ARN"]
[SourceTitle "CBM 181 Extra"]
[Source "ChessBase"]
[SourceDate "2017.12.12"]
[SourceVersion "1"]
[SourceVersionDate "2017.12.12"]
[SourceQuality "1"]

1. c4 e5 2. Nc3 Nc6 3. g3 Bc5 4. Bg2 d6 5. e3 Nf6 6. Nge2 Bb6 7. 0-0 0-0 8. Na4 Bd7 9. Nxb6 axb6 10. d4 Qc8 11. d5 Ne7 12. f4 Bh3 13. Nc3 Bxg2 14. Kxg2 e4 15. h3 Ng6 16. Bd2 Re8 17. Be1 h5 18. Nb5 Qd7 19. Bc3 h4 20. g4 Rac8 21. Qd4 Kh7 22. Qd1 Kg8 23. g5 Nh7 24. Qh5 Qf5 25. Nd4 Qd7 26. Rad1 c6 27. Ne6 fxe6 28. Qxg6 Qf7 29. Qxf7+ Kxf7 30. dxe6+ Rxe6 31. f5 Ree8 32. g6+ Kg8 33. gxh7+ Kxh7 34. Rxd6 Rcd8 35. Rfd1 1-0